| 000 | 00445nam a2200181Ia 4500 | ||
|---|---|---|---|
| 008 | 220726s9999||||xx |||||||||||||| ||und|| | ||
| 020 | _a9788122430493 | ||
| 082 | _a610 | ||
| 082 | _bJay/L | ||
| 100 | _aJayaraman, J. | ||
| 245 | 0 | _aJayaraman-Laboratory Manual in Biochemistry: Second Edition | |
| 250 | _aReprint | ||
| 260 | _aNew Delhi | ||
| 260 | _bNew Age International Publishers | ||
| 260 | _c2020 | ||
| 300 | _a166 | ||
| 942 | _cPB | ||
| 999 |
_c36084 _d36084 |
||